Fr. Conceicao Rodrigues College of Engineering

C++ Complete Reference (Record no. 20569)

MARC details
000 -LEADER
fixed length control field 00265nam a2200121Ia 4500
100 ## - MAIN ENTRY--PERSONAL NAME
Personal name Schildt/ Herbert
245 ## - TITLE STATEMENT
Title C++ Complete Reference
260 ## - PUBLICATION, DISTRIBUTION, ETC.
Name of publisher, distributor, etc. Osborne McGraw Hill
Place of publication, distribution, etc. Berkeley
Date of publication, distribution, etc. 1991
300 ## - PHYSICAL DESCRIPTION
Extent 594
546 ## - LANGUAGE NOTE
Language note ENGLISH
654 ## - SUBJECT ADDED ENTRY--FACETED TOPICAL TERMS
Focus term C++
942 ## - ADDED ENTRY ELEMENTS (KOHA)
Koha item type Reference Book
Holdings
Withdrawn status Lost status Damaged status Not for loan Collection Home library Current library Shelving location Date acquired Total Checkouts Full call number Barcode Date last seen Price effective from Koha item type
        AFT Fr. Agnel's C.Rodrigues College of Engineering Fr. Agnel's C.Rodrigues College of Engineering   17/03/2023   AFT6317 17/03/2023 17/03/2023 Reference Book